000 00369 a2200121 4500
001 ART_17871
005 20260410161701.0
008 260409a
245 1 0 _aLa programación monetaria y la financiación del déficit
100 1 _aDueñas, Daniel E.
700 1 _aDemaestri, Edgardo
773 0 _tEnsayos Económicos
_g- Nº 7 (sep. 1978)
_wREV620
999 _c15172
_d15172